The Gild of St. Mary, Lichfield : (Record no. 20115)
[ view plain ]
| 000 -LEADER | |
|---|---|
| fixed length control field | 01649nam a2200301 a 4500 |
| 001 - CONTROL NUMBER | |
| control field | 20115 |
| 003 - CONTROL NUMBER IDENTIFIER | |
| rucl marc code | BD-RjUL |
| 005 - DATE AND TIME OF LATEST TRANSACTION | |
| control field | 20211209000525.0 |
| 008 - FIXED-LENGTH DATA ELEMENTS--GENERAL INFORMATION | |
| fixed length control field | 140226s1920 enk 000 0 eng |
| 035 ## - SYSTEM CONTROL NUMBER | |
| System control number | (BD-RjUL)20177 |
| System control number | (OCoLC)4836507 |
| 040 ## - CATALOGING SOURCE | |
| Original cataloging agency | DLC |
| Transcribing agency | XAV |
| Modifying agency | BD-RjUL |
| Language of cataloging | eng |
| 041 ## - LANGUAGE CODE | |
| Language code of text/sound track or separate title | eng |
| 082 00 - DEWEY DECIMAL CLASSIFICATION NUMBER | |
| Classification number | 829.9 |
| Author mark and year | GIL 1920 |
| 245 04 - TITLE STATEMENT | |
| Title | The Gild of St. Mary, Lichfield : |
| Remainder of title | being ordinances of the Gild of St. Mary, and other documents / |
| Statement of responsibility, etc. | edited by the late Dr. F.J. Furnivall. |
| 260 ## - PUBLICATION, DISTRIBUTION, ETC. (IMPRINT) | |
| Place of publication, distribution, etc. | London : |
| Name of publisher, distributor, etc. | Published for the Early English Text Society by Kegan Paul, Trench, Trübner, and by Humphrey Milford, Oxford University Press, |
| Date of publication, distribution, etc. | 1920. |
| 300 ## - PHYSICAL DESCRIPTION | |
| Pagination | 82 p. ; |
| Size | 22 cm. |
| 490 1# - SERIES STATEMENT | |
| Series statement | Extra series / Early English Text Society ; |
| Volume/sequential designation | no. 114 |
| 505 0# - FORMATTED CONTENTS NOTE | |
| Formatted contents note | Gild of St. Mary, Lichfield: Richard II's ordinances (A.D. 1387), Englisht A.D. 1538. Sir Humfrey Stanley's ordinances, A.D. 1486. Dean Heywood's reform of 'Our Lady's alms-chest,' A.D. 1486.--First extant charter of the Lichfield tailors. 1576.--Second extant charter of the Lichfield tailors. A.D. 1697.--First extant ordinances of the Lichfields smiths' gild. 1601.--Second set of ordinances of the company of Lichfield smiths. 1630.--Ordinances of the Lynn tailors. <A.D. 1449.>--Southampton tailors' petitions. <A.D. 1406-7 and 1468. |
| 650 #0 - SUBJECT ADDED ENTRY--TOPICAL TERM | |
| Topical term or geographic name as entry element | Guilds |
| Geographic subdivision | England |
| -- | Lichfield. |
| 9 (RLIN) | 61964 |
| Topical term or geographic name as entry element | Guilds |
| Geographic subdivision | England |
| -- | Southampton. |
| 9 (RLIN) | 61965 |
| 651 #0 - SUBJECT ADDED ENTRY--GEOGRAPHIC NAME | |
| Geographic name | Lichfield (England) |
| 9 (RLIN) | 61966 |
| 700 1# - ADDED ENTRY--PERSONAL NAME | |
| Personal name | Furnivall, Frederick James, |
| Dates associated with a name | 1825-1910. |
| 830 #0 - SERIES ADDED ENTRY--UNIFORM TITLE | |
| Volume number/sequential designation | no. 114. |
| 830 #0 - SERIES ADDED ENTRY--UNIFORM TITLE | |
| Uniform title | Early English Text Society (Series). |
| 942 ## - ADDED ENTRY ELEMENTS (KOHA) | |
| Source of classification or shelving scheme | Dewey Decimal Classification |
| Koha item type | Books |
| Lost status | Source of classification or shelving scheme | Damaged status | Not for loan | Collection code | Permanent Location | Current Location | Shelving location | Date acquired | Source of acquisition | Cost, normal purchase price | Total Checkouts | Full call number | Date last seen | Copy number | Koha item type |
|---|---|---|---|---|---|---|---|---|---|---|---|---|---|---|---|
| Dewey Decimal Classification | Not For Loan | Fiction | Central Library, University of Rajshahi | Central Library, University of Rajshahi | Reading Room | 05/11/1956 | B. H. Blackwell | 0.18 | 829.5 GIL 1920 | 26/02/2014 | C-1 | Books |